| 000 | 00370nam a22001457a 4500 | ||
|---|---|---|---|
| 020 | _a81-8423-128- | ||
| 082 |
_a894.812 _bKRI/A |
||
| 100 | _aKRISHNAN, C.A | ||
| 245 |
_aANJUVILAKK _bTHRISSURINTE ENNALEKALILEKK ORU KILIVATHIL |
||
| 260 |
_aTHRISSUR _bGREEN BOOKS _c2009 |
||
| 300 | _a130 | ||
| 520 | _aABOUT THRISSUR | ||
| 650 | _aTHRISSUR AND ITS CULTURES | ||
| 942 | _cBK | ||
| 999 |
_c5553 _d5553 |
||